000 00190nam a2200085Ia 4500
008 220204s9999 xx 000 0 und d
082 _a82-34
_bFOL
245 0 _aFolk tales of Assam
942 _cBK
999 _c32492
_d32492